000 00266nam a22001337a 4500
003 SGT
082 _a340
_bD16Y
100 _aYADAV, PANKAJ
245 _aDOWRY DEATHS- LEGAL PROVISIONS
260 _aSGTU
_c2016
300 _a117
650 _aLAW
942 _2ddc
_cTH
999 _c20722
_d20722